Understanding earth

Αποθηκεύτηκε σε:
Λεπτομέρειες βιβλιογραφικής εγγραφής
Κύριος συγγραφέας: Press, Frank
Άλλοι συγγραφείς: Siever, Raymond
Μορφή: Βιβλίο
Γλώσσα:English
Δημοσίευση: New York : W. H. Freeman and Company, c1998
Έκδοση:2nd ed.
Θέματα:
Ετικέτες: Προσθήκη ετικέτας
Δεν υπάρχουν, Καταχωρήστε ετικέτα πρώτοι!

MARC

LEADER 00000nam a2200000 i 4500
001 1/16618
008 980818s1997 eng d
020 |a 0-7167-2836-2 
035 |l 10020259 
040 |a GR-MY-UA  |b gre  |e aacr 
041 0 |a eng 
082 0 |a 550 
100 1 |a Press, Frank. 
245 1 0 |a Understanding earth /  |c Frank Press, Raymond Siever 
250 |a 2nd ed. 
260 |a New York :   |b W. H. Freeman and Company,   |c c1998 
300 |a xvii, 682 σ.;  |b εικ.;  |c 28 εκ.+  |e 1 οπτικός δίσκος Η/Υ (4 3/4 ίν.) 
504 |a Περιέχει βιβλιογραφικές παραπομπές και ευρετήριο 
650 0 0 |a Earth sciences. 
700 1 |a Siever, Raymond. 
852 |a INST  |b LESVOS  |e 19980818  |h 550 PRE  |p 005100013333  |q 005100013333  |t BK  |y 0 
852 |a INST  |b LESVOS  |e 20030605  |h 550 PRE  |p 005100024606  |q 005100024606  |t BK  |y 0 
852 |a INST  |b LESVOS  |e 20030605  |h 550 PRE   |p 005100024601  |q 005100024601  |t BK  |y 0 
852 |a INST  |b LESVOS  |e 20000801  |h 550 PRE   |p 005100026518  |q 005100026518  |t BK  |y 0 
901 |a BIBL-1998-3 
909 |a Λ  |b 058826 
909 |a Λ  |b 080782 
909 |a Λ  |b 105313 
909 |a Λ  |b 105316 
920 |a ΜΑΝΤΕΝΛΙΟΓΛΟΥ  |b Σ.  |y ΛΕΣΒΟΣ  |z 2003-06 
922 |a 1ΕΛΗ  |b 199807  |c ΚΠΣ/ΤΠ  |d ΠΑΠΑΣΩΤΗΡΙΟΥ 
950 |a 107-1998-04-08